[Event "Women's Speed Chess Q3"]
[Site "chess.com INT"]
[Date "2021.05.30"]
[Round "5"]
[White "Zhai, Mo"]
[Black "Tokhirjonova, Gulrukhbegim"]
[Result "0-1"]
[WhiteTitle "WGM"]
[BlackTitle "WGM"]
[WhiteElo "2366"]
[BlackElo "2350"]
[WhiteFideId "8600201"]
[BlackFideId "14203626"]
[EventDate "2021.05.30"]

1. d4 e6 2. c4 d5 3. Nc3 Bb4 4. cxd5 exd5 5. Bf4 c6 6. e3 Nf6 7. Bd3 O-O 8. Qc2
h6 9. Ne2 Re8 10. h3 Nbd7 11. g4 Ne4 12. O-O-O Nxf2 13. Bh7+ Kh8 14. Bf5 Nxh1
15. Rxh1 Nf6 16. Bd3 Bd6 17. g5 Bxf4 18. exf4 hxg5 19. fxg5 Ne4 20. Nxe4 dxe4
21. Bxe4 Qxg5+ 22. Kb1 Be6 23. h4 Qe3 24. Nc3 Bd5 25. Bxd5 cxd5 26. h5 Qxd4 27.
h6 g6 28. a3 Rac8 29. Rf1 Rc7 30. Qh2 Rce7 31. Qg3 Qe5 32. Qf3 d4 33. Nd1 Qe4+
34. Qxe4 Rxe4 35. Rxf7 d3 36. Rd7 Rh4 0-1

[Event "Women's Speed Chess Q3"]
[Site "chess.com INT"]
[Date "2021.05.30"]
[Round "5"]
[White "Mordido, Kylen Joy"]
[Black "Skuhala, Barbara"]
[Result "0-1"]
[WhiteTitle "WIM"]
[BlackTitle "WFM"]
[WhiteElo "2014"]
[BlackElo "2077"]
[WhiteFideId "5219086"]
[BlackFideId "14605465"]
[EventDate "2021.05.30"]

1. c4 e5 2. g3 Nf6 3. Bg2 Nc6 4. Nc3 Bb4 5. e3 O-O 6. Nge2 b6 7. O-O Bb7 8. d4
exd4 9. exd4 Rb8 10. d5 Ne5 11. b3 Ng6 12. Bb2 c6 13. a3 Bxc3 14. Nxc3 cxd5 15.
Nxd5 d6 16. Nxf6+ gxf6 17. Qd4 Bxg2 18. Kxg2 Kg7 19. Rad1 Qe7 20. Rfe1 Qb7+ 21.
Kg1 Ne5 22. Rxe5 dxe5 23. Qg4+ Kh8 24. Qh4 Qe7 25. Rd7 Qe6 26. f4 Rbd8 27. Re7
Qxe7 28. Bxe5 Rd6 29. Bxd6 Qxd6 30. Qh5 Qd4+ 31. Kg2 Qe4+ 32. Kg1 Rd8 0-1

[Event "Women's Speed Chess Q3"]
[Site "chess.com INT"]
[Date "2021.05.30"]
[Round "5"]
[White "Linares Napoles, Oleiny"]
[Black "Luong, Phuong Hanh"]
[Result "1-0"]
[WhiteTitle "WGM"]
[BlackTitle "WIM"]
[WhiteElo "2255"]
[BlackElo "2229"]
[WhiteFideId "3504794"]
[BlackFideId "12401013"]
[EventDate "2021.05.30"]

1. d4 Nf6 2. Bf4 d6 3. e3 g6 4. Nf3 Bg7 5. c4 O-O 6. Nc3 Nbd7 7. h3 Re8 8. Be2
e5 9. Bh2 Qe7 10. O-O a6 11. Re1 e4 12. Nd2 Nb6 13. Qc2 Bd7 14. a4 a5 15. Rad1
h5 16. b3 Bf5 17. Bf4 Qd7 18. Bg5 Nh7 19. Bf4 Nf6 20. Bf1 Rac8 21. c5 Nbd5 22.
Nxd5 Nxd5 23. Bg3 Nb4 24. Qb1 d5 25. Qb2 c6 26. Nb1 Qe6 27. Nc3 Nd3 28. Bxd3
exd3 29. f3 Bh6 30. Bf2 Qf6 31. e4 dxe4 32. fxe4 d2 33. Re2 Bd7 34. e5 Qf4 35.
Be3 Qe4 36. Nxe4 1-0

[Event "Women's Speed Chess Q3"]
[Site "chess.com INT"]
[Date "2021.05.30"]
[Round "5"]
[White "Perez Rodriguez, Jennifer"]
[Black "Narva, Mai"]
[Result "1-0"]
[WhiteTitle "WIM"]
[BlackTitle "WIM"]
[WhiteElo "2251"]
[BlackElo "2276"]
[WhiteFideId "3507831"]
[BlackFideId "4500512"]
[EventDate "2021.05.30"]

1. e4 c5 2. c3 Nf6 3. e5 Nd5 4. Nf3 d6 5. d4 cxd4 6. cxd4 Nc6 7. Bc4 e6 8. O-O
Be7 9. Qe2 O-O 10. a3 b6 11. Bd3 Bb7 12. Qe4 g6 13. Bh6 Re8 14. Nbd2 dxe5 15.
dxe5 Rc8 16. Rad1 Ba8 17. Nc4 b5 18. Ne3 Nxe3 19. Qxe3 Qa5 20. Qf4 b4 21. Rfe1
bxa3 22. bxa3 Qxa3 23. Ng5 Rf8 24. Bxf8 Rxf8 25. Ne4 Kh8 26. Nf6 Qb2 27. Qh6
Bxf6 28. exf6 Rg8 29. Qg5 Nd4 30. Be4 Bxe4 31. Rxe4 Nf5 32. g4 h6 33. Qf4 Qxf6
34. gxf5 gxf5+ 35. Kf1 Qg6 36. Re3 Qh5 37. Rd7 Rg4 38. Qe5+ Kg8 39. Rd8+ Kh7 40.
Qh8+ Kg6 41. Rg8# 1-0

[Event "Women's Speed Chess Q3"]
[Site "chess.com INT"]
[Date "2021.05.30"]
[Round "5"]
[White "Zawadzka, Jolanta"]
[Black "Pham, Le Thao Nguyen"]
[Result "1/2-1/2"]
[WhiteTitle "WGM"]
[BlackTitle "IM"]
[WhiteElo "2399"]
[BlackElo "2369"]
[WhiteFideId "1122320"]
[BlackFideId "12401226"]
[EventDate "2021.05.30"]

1. e4 c6 2. d4 d5 3. Nd2 dxe4 4. Nxe4 Nf6 5. Nxf6+ exf6 6. c3 Bd6 7. Bd3 Qe7+ 8.
Ne2 Bg4 9. O-O O-O 10. Re1 Re8 11. h3 Bh5 12. Bd2 Nd7 13. Qc2 Bg6 14. f4 Bxd3
15. Qxd3 g6 16. Ng3 Qf8 17. Ne4 f5 18. Ng5 Nf6 19. Re5 h6 20. Nf3 Ne4 21. Re1 f6
22. Rxe8 Rxe8 23. Bc1 Qf7 24. b3 Kg7 25. Re2 Re7 26. Nd2 Qe8 27. Nc4 Bc7 28. a4
g5 29. fxg5 hxg5 30. Nd2 Kg6 31. Nf3 Ng3 32. Rxe7 Qxe7 33. Kf2 Ne4+ 34. Kf1 Ng3+
35. Kf2 Ne4+ 36. Kf1 Qd6 37. Be3 Qg3 38. Bg1 Bf4 39. Qe2 Nxc3 40. Qe8+ Kg7 41.
Qe7+ Kg6 42. Qe8+ Kg7 43. Qe7+ Kg6 44. Qe8+ 1/2-1/2

[Event "Women's Speed Chess Q3"]
[Site "chess.com INT"]
[Date "2021.05.30"]
[Round "5"]
[White "Pourkashiyan, Atousa"]
[Black "Cori T., Deysi"]
[Result "1/2-1/2"]
[WhiteTitle "WGM"]
[BlackTitle "WGM"]
[WhiteElo "2322"]
[BlackElo "2388"]
[WhiteFideId "12502014"]
[BlackFideId "3801934"]
[EventDate "2021.05.30"]

1. e4 e6 2. d4 d5 3. Nd2 Be7 4. Bd3 Nf6 5. e5 Nfd7 6. Ne2 b6 7. O-O c5 8. c3 Ba6
9. Bxa6 Nxa6 10. f4 g6 11. Nf3 Rc8 12. Be3 b5 13. a4 b4 14. Qd3 Qa5 15. g4 bxc3
16. bxc3 cxd4 17. cxd4 Nb4 18. Qd1 Nb6 19. Bf2 Nc4 20. f5 gxf5 21. gxf5 Qa6 22.
Ng3 h5 23. f6 Bf8 24. Nh4 Nb2 25. Qf3 Qd3 26. Qg2 Rg8 27. Kh1 Rc2 28. Rae1 Qh7
29. Qf3 N4d3 30. Bg1 Rg4 31. Re2 Rxe2 32. Qxe2 Rxh4 33. Be3 Rh3 34. Rb1 Rxg3 35.
hxg3 Qe4+ 36. Kh2 Bh6 37. Rxb2 Nxb2 38. Qxb2 Qxe3 39. Qb8+ Kd7 40. Qb7+ Kd8 41.
Qb8+ Kd7 42. Qb7+ Kd8 43. Qb8+ Kd7 1/2-1/2

[Event "Women's Speed Chess Q3"]
[Site "chess.com INT"]
[Date "2021.05.30"]
[Round "5"]
[White "Sliwicka, Alicja"]
[Black "Arpita, Mukherjee"]
[Result "1-0"]
[WhiteTitle "WIM"]
[BlackTitle "WIM"]
[WhiteElo "2346"]
[BlackElo "2206"]
[WhiteFideId "1150677"]
[BlackFideId "5056403"]
[EventDate "2021.05.30"]

1. e4 c5 2. Nf3 d6 3. d4 cxd4 4. Nxd4 Nf6 5. Nc3 a6 6. Nb3 g6 7. Be2 Bg7 8. O-O
O-O 9. Re1 Nc6 10. Bf1 e5 11. Bg5 Be6 12. Qd2 b5 13. Rad1 b4 14. Nd5 Bxd5 15.
Bxf6 Qxf6 16. Qxd5 Nd4 17. c3 Nxb3 18. axb3 bxc3 19. bxc3 Rac8 20. Bc4 Rfd8 21.
Ra1 Bh6 22. Rxa6 Rc7 23. Rd1 Bf4 24. g3 Bh6 25. Rxd6 Rxd6 26. Qxd6 Qxd6 27. Rxd6
Bf8 28. Ra6 Kg7 29. Kf1 Bc5 30. Ke2 f5 31. Bd5 fxe4 32. Bxe4 Rf7 33. f3 Rc7 34.
b4 Be7 35. Kd3 Rd7+ 36. Kc2 Rc7 37. Rc6 Rxc6 38. Bxc6 Kf6 39. Kd3 Ke6 40. Ke4
Bg5 41. Bd5+ Kd6 42. c4 Bd2 43. c5+ Ke7 44. b5 Bc3 45. b6 Ba5 46. Kxe5 h6 47.
Be4 g5 48. Kd5 Bc3 49. b7 1-0

[Event "Women's Speed Chess Q3"]
[Site "chess.com INT"]
[Date "2021.05.30"]
[Round "5"]
[White "Gaponenko, Inna"]
[Black "Pandey, Srishti"]
[Result "1-0"]
[WhiteTitle "IM"]
[BlackTitle "WFM"]
[WhiteElo "2357"]
[BlackElo "2026"]
[WhiteFideId "14101181"]
[BlackFideId "35093290"]
[EventDate "2021.05.30"]

1. e4 d5 2. exd5 Nf6 3. c4 c6 4. d4 cxd5 5. Nc3 Nc6 6. cxd5 Nxd5 7. Nf3 g6 8.
Qb3 Nxc3 9. Bc4 Nd5 10. Bxd5 e6 11. Bxc6+ bxc6 12. O-O Bg7 13. Be3 O-O 14. Rac1
Ba6 15. Rfe1 Rb8 16. Qc3 Qb6 17. Qxc6 Qxc6 18. Rxc6 Bb7 19. Rc7 Bxf3 20. gxf3
Rxb2 21. Rxa7 Rd8 22. Rd1 Rb4 23. d5 exd5 24. Rxd5 Rb1+ 25. Kg2 Rxd5 26. Ra8+
Bf8 27. Bh6 Rg5+ 28. Bxg5 Kg7 29. Be3 Bd6 30. Bd4+ Kh6 31. a4 Rd1 32. Be3+ g5
33. a5 Ra1 34. a6 Kg6 35. a7 Bf4 36. Rg8+ Kf5 37. a8=Q Rxa8 38. Rxa8 Bxe3 39.
fxe3 f6 40. Kg3 h5 41. h4 Kg6 42. e4 Kh6 43. Ra6 gxh4+ 44. Kxh4 Kg6 45. f4 Kf7
46. f5 Ke7 47. Kxh5 Kd7 48. Kg6 Ke7 49. Rxf6 Kd7 50. e5 Kc7 51. Ra6 Kb7 52. Re6
Kc7 53. f6 Kd7 54. Ra6 Kc7 55. f7 Kb7 56. Rd6 Kc7 57. f8=Q Kb7 58. Qe7+ Kc8 59.
Rd8# 1-0

[Event "Women's Speed Chess Q3"]
[Site "chess.com INT"]
[Date "2021.05.30"]
[Round "5"]
[White "Morris-Suzuki, Sophie"]
[Black "Bivol, Alina"]
[Result "1/2-1/2"]
[WhiteTitle "WFM"]
[BlackTitle "WGM"]
[WhiteElo "2043"]
[BlackElo "2385"]
[WhiteFideId "30922615"]
[BlackFideId "4100123"]
[EventDate "2021.05.30"]

1. e4 e6 2. Nc3 d5 3. d4 Nf6 4. e5 Nfd7 5. Nf3 c5 6. dxc5 Bxc5 7. Bd3 Nc6 8. Bf4
h6 9. h4 Nb4 10. h5 Nxd3+ 11. cxd3 Qa5 12. d4 Bb4 13. Bd2 Qa6 14. a3 Be7 15. Nh2
Nb6 16. Qg4 Bf8 17. Qf4 Nc4 18. Rb1 Be7 19. Nf3 Bd7 20. O-O Bg5 21. Nxg5 hxg5
22. Qxg5 Nxd2 23. Qxd2 Rxh5 24. b4 Qb6 25. a4 Qd8 26. Qf4 Rc8 27. Rbc1 Rc4 28.
Nb5 Bxb5 29. axb5 Qc7 30. Rxc4 Qxc4 31. Rc1 Qxb4 32. Rc8+ Kd7 33. Rc7+ Kxc7 34.
Qxf7+ Kb6 35. Qxh5 Qe1+ 36. Kh2 Qxf2 37. Qg6 Qf4+ 38. Kh1 Qxd4 39. Qxe6+ Kc5 40.
Qd6+ Kxb5 41. e6 Qh4+ 42. Kg1 Qe1+ 43. Kh2 Qh4+ 44. Kg1 Qe1+ 45. Kh2 Qh4+ 46.
Kg1 1/2-1/2

[Event "Women's Speed Chess Q3"]
[Site "chess.com INT"]
[Date "2021.05.30"]
[Round "5"]
[White "Daulyte-Cornette, Deimante"]
[Black "Nguyen, Hong Anh"]
[Result "1-0"]
[WhiteTitle "IM"]
[BlackTitle "WIM"]
[WhiteElo "2387"]
[BlackElo "1993"]
[WhiteFideId "12802859"]
[BlackFideId "12406732"]
[EventDate "2021.05.30"]

1. e4 c5 2. Nc3 Nc6 3. Bb5 Nd4 4. Nf3 Nxb5 5. Nxb5 g6 6. d4 Bg7 7. e5 cxd4 8.
Qxd4 d6 9. Bf4 Qa5+ 10. Nc3 Nh6 11. Bxh6 Bxh6 12. exd6 f6 13. dxe7 Kxe7 14. O-O
Kf7 15. Rfe1 Rd8 16. Qc4+ Kf8 17. b4 Qb6 18. Nd5 Qc6 19. Qh4 Bg7 20. c4 h5 21.
Ne7 Qe8 22. Qg3 Qf7 23. Nxg6+ Kg8 24. Ne7+ Kh8 25. Ng6+ Kh7 26. Nfh4 Bg4 27. h3
Be6 28. Nf4 Bxc4 29. Nf5 Rg8 30. Re7 Qf8 31. Qh4 Bf7 32. Rae1 Re8 33. Rxe8 Bxe8
34. Nxh5 Bh6 35. Nxf6+ Kg6 36. Rxe8 Qxe8 37. Nxe8 Kxf5 38. Qxh6 Rxe8 39. Qh7+
Ke6 40. Qxb7 Rd8 41. Qxa7 Rd1+ 42. Kh2 Rd2 43. Qb6+ Rd6 44. Qxd6+ Kxd6 45. h4
Kc6 46. h5 Kb5 47. h6 Kxb4 48. h7 Ka3 49. h8=Q Kxa2 50. Qb8 1-0

[Event "Women's Speed Chess Q3"]
[Site "chess.com INT"]
[Date "2021.05.30"]
[Round "5"]
[White "Bommini, Mounika Akshaya"]
[Black "Grigoryan, Meri"]
[Result "0-1"]
[WhiteTitle "WFM"]
[BlackTitle "WFM"]
[WhiteElo "2029"]
[BlackElo "2044"]
[WhiteFideId "25019872"]
[BlackFideId "13300571"]
[EventDate "2021.05.30"]

1. b4 d5 2. Bb2 Nf6 3. a3 a5 4. e3 Bf5 5. b5 e6 6. f4 c6 7. a4 Bc5 8. Nf3 Qb6 9.
Be2 Ng4 10. Nd4 Nf6 11. Nxf5 exf5 12. O-O Nbd7 13. c4 O-O 14. d4 Bb4 15. c5 Qd8
16. Bc3 Re8 17. Bxb4 axb4 18. Qd2 cxb5 19. Qxb4 Rxe3 20. Bxb5 Ne4 21. Nd2 Nxd2
22. Qxd2 Re7 23. Rae1 Nf6 24. Rxe7 Qxe7 25. Re1 Ne4 26. Qe2 Qc7 27. Qd3 b6 28.
cxb6 Qxb6 29. Rc1 h6 30. Rc6 Qa5 31. h3 Qe1+ 32. Qf1 Qe3+ 33. Kh2 Qxd4 34. Qf3
Rd8 35. a5 Qa1 36. a6 Rb8 37. Be2 Rb1 38. Rc8+ Kh7 39. g4 Rb2 40. gxf5 Qa2 0-1

[Event "Women's Speed Chess Q3"]
[Site "chess.com INT"]
[Date "2021.05.30"]
[Round "5"]
[White "Vargas, Gabriela"]
[Black "Rakshitta, Ravi"]
[Result "0-1"]
[WhiteTitle "WIM"]
[BlackTitle "WIM"]
[WhiteElo "2170"]
[BlackElo "2190"]
[WhiteFideId "3700860"]
[BlackFideId "25073230"]
[EventDate "2021.05.30"]

1. d4 Nf6 2. Nf3 e6 3. Bg5 Be7 4. c3 d5 5. Nbd2 O-O 6. e3 c5 7. Bd3 Nc6 8. O-O
h6 9. Bh4 Nd7 10. Bxe7 Qxe7 11. e4 cxd4 12. exd5 exd5 13. Nxd4 Nxd4 14. cxd4 Qf6
15. Nf3 Nb6 16. h3 Bf5 17. Re1 Rac8 18. Ne5 Rfe8 19. Bxf5 Qxf5 20. Qb3 Qf4 21.
Qe3 Qxe3 22. Rxe3 f6 23. Nd3 Rxe3 24. fxe3 Rc2 25. Rc1 Rd2 26. Nc5 Nc4 27. Nxb7
Nxe3 28. Nd6 Rxg2+ 29. Kh1 Rxb2 30. Rc8+ Kh7 31. Nf7 Rxa2 32. Nd8 Kg6 33. Ne6
Kh5 34. Nxg7+ Kh4 35. Rc3 Nf1 36. Nf5+ Kg5 37. Ne7 Kf4 38. Kg1 Ne3 39. Ng6+ Ke4
40. Ne7 f5 41. Rb3 f4 42. Nc6 f3 43. Nb4 f2+ 0-1

[Event "Women's Speed Chess Q3"]
[Site "chess.com INT"]
[Date "2021.05.30"]
[Round "5"]
[White "Mrudul, Dehankar"]
[Black "Atalik, Ekaterina"]
[Result "1-0"]
[WhiteTitle "WIM"]
[BlackTitle "IM"]
[WhiteElo "2256"]
[BlackElo "2430"]
[WhiteFideId "25096990"]
[BlackFideId "4130189"]
[EventDate "2021.05.30"]

1. e4 e5 2. Nf3 Nc6 3. Bb5 a6 4. Ba4 Nf6 5. O-O Be7 6. Re1 d6 7. d4 exd4 8. Nxd4
Bd7 9. Bb3 O-O 10. Nc3 Nxd4 11. Qxd4 c5 12. Qd1 b5 13. Bd5 Nxd5 14. Nxd5 Be6 15.
Bf4 Bxd5 16. Qxd5 Qc8 17. c3 Qe6 18. Rad1 Rfd8 19. Rd2 Ra7 20. Red1 Rad7 21. h3
g6 22. Bg3 Kg7 23. Kh2 h5 24. e5 h4 25. Bf4 g5 26. exd6 Bf6 27. Bxg5 Qe5+ 28. f4
Qxd5 29. Rxd5 Bxg5 30. Rxg5+ Kf6 31. Rgd5 c4 32. Rh5 Rxd6 33. Rh6+ Ke7 34. Re1+
Kf8 35. Rxh4 Rd2 36. Re5 R8d3 37. Rh8+ Kg7 38. Rhe8 1-0

[Event "Women's Speed Chess Q3"]
[Site "chess.com INT"]
[Date "2021.05.30"]
[Round "5"]
[White "Batsiashvili, Nino"]
[Black "Marjanovic, Annamaria"]
[Result "0-1"]
[WhiteTitle "GM"]
[BlackTitle "WGM"]
[WhiteElo "2491"]
[BlackElo "2338"]
[WhiteFideId "13602993"]
[BlackFideId "750930"]
[EventDate "2021.05.30"]

1. d4 Nf6 2. c4 g6 3. Nc3 Bg7 4. e4 d6 5. Be2 O-O 6. Nf3 e5 7. O-O Nc6 8. d5 Ne7
9. Bd2 Nd7 10. Ne1 f5 11. Nd3 f4 12. Rc1 Nf6 13. f3 g5 14. c5 g4 15. fxg4 Qe8
16. g5 Nd7 17. Nb5 Qd8 18. cxd6 cxd6 19. Nxd6 Qb6+ 20. Nf2 Qxd6 21. Qe1 Re8 22.
Bb4 Qg6 23. Rc7 Bf8 24. d6 Nc6 25. Bc4+ Kh8 26. Ba3 Bxd6 27. Bf7 Qxf7 28. Bxd6
Qe6 29. Ba3 Nb6 30. Qc3 Bd7 31. Rd1 Nd4 32. Rxd4 exd4 33. Qxd4+ Qe5 34. Rxd7
Nxd7 35. Qxd7 Rad8 36. Qxb7 f3 37. gxf3 Qxg5+ 38. Ng4 Rd1+ 39. Kg2 Qd2+ 40. Kh3
Rg1 41. Qc7 Qg5 42. Qc3+ Kg8 43. Qc4+ Kg7 44. Qd4+ Kg6 45. Qxg1 h5 46. Qe3 hxg4+
47. fxg4 Qxe3+ 48. Kh4 Rh8# 0-1

[Event "Women's Speed Chess Q3"]
[Site "chess.com INT"]
[Date "2021.05.30"]
[Round "5"]
[White "Agrest, Inna"]
[Black "Tanishka, Kotia"]
[Result "1-0"]
[WhiteTitle "WIM"]
[BlackTitle "WFM"]
[WhiteElo "2285"]
[BlackElo "1849"]
[WhiteFideId "1708830"]
[BlackFideId "25005600"]
[EventDate "2021.05.30"]

1. e4 c5 2. d4 cxd4 3. c3 dxc3 4. Nxc3 Nc6 5. Nf3 d6 6. Bc4 Nf6 7. O-O e6 8. Qe2
Be7 9. Rd1 Qc7 10. Bb3 O-O 11. Bf4 e5 12. Bg5 h6 13. Bxf6 Bxf6 14. Nb5 Qb6 15.
Nxd6 Nd4 16. Nxd4 exd4 17. e5 Be7 18. Nxc8 Raxc8 19. Qe4 Rfd8 20. Rac1 Bc5 21.
Rd3 Re8 22. Rcd1 Qc7 23. Re1 b6 24. h3 Qe7 25. Rf3 Rf8 26. Qf5 Rc7 27. Re4 Qg5
28. Qxg5 hxg5 29. Rg4 Be7 30. Rxd4 Rc5 31. Re4 a5 32. a3 b5 33. g3 a4 34. Ba2
Rc2 35. Rb4 Bxb4 36. axb4 Rxb2 37. e6 fxe6 38. Bxe6+ Kh7 39. Rxf8 Rxb4 40. Bf5+
g6 41. Rf7+ Kg8 42. Bxg6 a3 43. Ra7 Rb3 44. Bf7+ Kf8 45. Bxb3 b4 46. Rb7 1-0

[Event "Women's Speed Chess Q3"]
[Site "chess.com INT"]
[Date "2021.05.30"]
[Round "5"]
[White "Varshini, V"]
[Black "Nguyen, Thi Thanh An"]
[Result "1/2-1/2"]
[WhiteTitle "WGM"]
[BlackTitle "WGM"]
[WhiteElo "2226"]
[BlackElo "2259"]
[WhiteFideId "5091241"]
[BlackFideId "12400300"]
[EventDate "2021.05.30"]

1. e4 c6 2. d4 d5 3. Nc3 dxe4 4. Nxe4 Bf5 5. Ng3 Bg6 6. Bc4 e6 7. N1e2 Bd6 8. h4
h6 9. h5 Bh7 10. c3 Nf6 11. Bf4 Qc7 12. Bxd6 Qxd6 13. Qd2 Nbd7 14. Qf4 Qxf4 15.
Nxf4 Nb6 16. Bb3 O-O-O 17. O-O-O Ng4 18. Rhf1 Nf6 19. Rfe1 Rhe8 20. Bc2 Bxc2 21.
Kxc2 Nbd5 22. Nd3 Ne7 23. Ne5 Rf8 24. Rh1 Ned5 25. Rde1 Nf4 26. Reg1 N4d5 27.
Nd3 Ne7 28. Re1 Ned5 29. Ne4 Nxe4 30. Rxe4 Nf6 31. Re3 Rd5 32. Rg3 Rxh5 33. Re1
Rg5 34. Rxg5 hxg5 35. Rh1 Nd7 36. Rh5 f6 37. Rh7 Rg8 38. Kd2 Kd8 39. Ke3 Ke7 40.
Rh1 Kf7 41. Kf3 Kg6 42. Re1 Kf7 43. Rh1 Nb8 44. Nc5 b6 45. Ne4 Nd7 46. Nd6+ Ke7
47. Nc4 Kf7 48. Nd6+ Ke7 49. Nc4 Kf7 50. Nd6+ 1/2-1/2

[Event "Women's Speed Chess Q3"]
[Site "chess.com INT"]
[Date "2021.05.30"]
[Round "5"]
[White "Havanecz, Bianka"]
[Black "Antonova, Nadezhda"]
[Result "0-1"]
[WhiteTitle "WIM"]
[BlackTitle "WFM"]
[WhiteElo "2257"]
[BlackElo "1877"]
[WhiteFideId "704814"]
[BlackFideId "14700182"]
[EventDate "2021.05.30"]

1. d4 Nf6 2. Nf3 g6 3. g3 Bg7 4. Bg2 O-O 5. O-O d6 6. c3 Nbd7 7. Re1 c6 8. Nbd2
e5 9. e4 Re8 10. Qc2 Qe7 11. b3 a5 12. a4 Qd8 13. Ba3 Qc7 14. Rad1 Bf8 15. dxe5
dxe5 16. Bxf8 Nxf8 17. Nc4 N6d7 18. Nd6 Re7 19. c4 Nc5 20. Nxc8 Rxc8 21. Rd2 Rd7
22. Rxd7 Nfxd7 23. Rd1 Re8 24. h4 h5 25. Ng5 Kg7 26. Qc3 f6 27. Nh3 Ne6 28. Kh2
Nd4 29. Ng1 Nc5 30. Rb1 Qb6 31. b4 axb4 32. Rxb4 Qc7 33. Qd2 Rd8 34. Qb2 Rd7 35.
Qb1 Nce6 36. a5 Nc5 37. Nf3 Nxf3+ 38. Bxf3 Qxa5 39. Kg2 Rd2 40. Rxb7+ Nxb7 41.
Qxb7+ Kh6 42. Qc8 Qd8 43. Qxc6 Qd4 0-1

[Event "Women's Speed Chess Q3"]
[Site "chess.com INT"]
[Date "2021.05.30"]
[Round "5"]
[White "Makhija, Aashna"]
[Black "Socko, Monika"]
[Result "0-1"]
[WhiteTitle "WIM"]
[BlackTitle "GM"]
[WhiteElo "1969"]
[BlackElo "2421"]
[WhiteFideId "25011944"]
[BlackFideId "1106619"]
[EventDate "2021.05.30"]

1. e4 g6 2. d4 d6 3. Nc3 Bg7 4. Be3 c6 5. Nf3 b5 6. a3 Nd7 7. Bd3 Nb6 8. O-O Nc4
9. Bc1 Nf6 10. b3 Nb6 11. Bb2 O-O 12. h3 Bb7 13. Ne2 a5 14. Ng3 b4 15. axb4 axb4
16. Qd2 c5 17. Rfe1 Qc7 18. Rxa8 Rxa8 19. Ra1 Rxa1+ 20. Bxa1 Qc8 21. Bb2 Qa8 22.
Qc1 Nxe4 23. Nxe4 Bxe4 24. Bxe4 Qxe4 25. dxc5 dxc5 26. Bxg7 Kxg7 27. Qg5 Nd5 28.
Nd2 Qe1+ 29. Kh2 Qe6 30. Nc4 f6 31. Qg3 g5 32. h4 h6 33. hxg5 hxg5 34. Qf3 Nf4
35. g3 Ng6 36. Qb7 Ne5 37. Kg2 Nxc4 38. bxc4 Kf7 39. Qc7 Qxc4 40. Qd7 Qe4+ 41.
Kg1 f5 42. Qc7 c4 43. Qc5 b3 44. cxb3 cxb3 45. Qb5 Qe6 46. Qb4 g4 47. Qc3 Qd5
48. Qb2 Qc4 49. Qb1 Qc2 50. Qe1 b2 0-1

[Event "Women's Speed Chess Q3"]
[Site "chess.com INT"]
[Date "2021.05.30"]
[Round "5"]
[White "Vantika, Agrawal"]
[Black "Gevorgyan, Maria"]
[Result "0-1"]
[WhiteTitle "WIM"]
[BlackTitle "WGM"]
[WhiteElo "2286"]
[BlackElo "2219"]
[WhiteFideId "25050389"]
[BlackFideId "13300270"]
[EventDate "2021.05.30"]

1. d4 Nf6 2. c4 c5 3. d5 e6 4. Nc3 exd5 5. cxd5 d6 6. Nf3 g6 7. g3 Bg7 8. Bg2
O-O 9. O-O Re8 10. Re1 Bg4 11. Nd2 a6 12. h3 Bc8 13. a4 Nbd7 14. e4 Ne5 15. Qc2
c4 16. Rd1 Qc7 17. a5 Nd3 18. Nf1 Nxc1 19. Rdxc1 Bd7 20. Ne3 Rac8 21. Ne2 Bb5
22. Nd4 Qc5 23. Nxb5 axb5 24. a6 bxa6 25. Rxa6 Nd7 26. Rc6 Rxc6 27. dxc6 Qxc6
28. e5 Qc5 29. exd6 Qxd6 30. Rd1 Qc7 31. Nd5 Qa7 32. b3 Ne5 33. bxc4 bxc4 34. h4
Nd3 35. Rf1 Bd4 36. Qxc4 Nxf2 37. Kh2 Ng4+ 38. Kh1 Ne5 39. Qe2 Kg7 40. Nf6 Re6
41. Nd5 Qc5 42. Qe4 Nc4 43. Qf4 Nd6 44. Qf3 Nf5 45. Qf4 Be5 46. Qf3 Nxg3+ 47.
Kh2 Nxf1+ 48. Kh3 Ng3 0-1

[Event "Women's Speed Chess Q3"]
[Site "chess.com INT"]
[Date "2021.05.30"]
[Round "5"]
[White "Papp, Petra"]
[Black "Dauletova, Gulmira"]
[Result "1-0"]
[WhiteTitle "WGM"]
[BlackTitle "WGM"]
[WhiteElo "2336"]
[BlackElo "2285"]
[WhiteFideId "739049"]
[BlackFideId "13702971"]
[EventDate "2021.05.30"]

1. e4 e5 2. Nf3 Nc6 3. Bc4 Bc5 4. b4 Bxb4 5. c3 Be7 6. d4 Na5 7. Bd3 d6 8. dxe5
dxe5 9. Nxe5 Nf6 10. O-O O-O 11. Qc2 Be6 12. f4 c6 13. Nd2 Qb6+ 14. Kh1 Rad8 15.
Ndf3 c5 16. c4 Nc6 17. Nxc6 Qxc6 18. Bb2 Qc7 19. f5 Bc8 20. e5 Ng4 21. Rae1 f6
22. h3 Nh6 23. e6 Bd6 24. Qe2 Rfe8 25. Be4 Bg3 26. Rd1 b6 27. Qc2 Bb7 28. Bd5
Bxd5 29. cxd5 Rd6 30. Qe4 b5 31. Ng1 c4 32. Ne2 Bh4 33. Qxh4 b4 34. Nd4 c3 35.
Bc1 Qb6 36. Bxh6 gxh6 37. Qxh6 Rxd5 38. Qxf6 Red8 39. Qf7+ Kh8 40. f6 Rg8 41.
Nf3 Rf5 42. Rd7 Rh5 43. Rfd1 Qf2 44. Qxg8+ Kxg8 45. Rd8# 1-0

[Event "Women's Speed Chess Q3"]
[Site "chess.com INT"]
[Date "2021.05.30"]
[Round "5"]
[White "Putri, Regita Desyari"]
[Black "Mendoza, Shania Mae"]
[Result "0-1"]
[WhiteTitle "WFM"]
[BlackTitle "WFM"]
[WhiteElo "1897"]
[BlackElo "2158"]
[WhiteFideId "7109083"]
[BlackFideId "5211158"]
[EventDate "2021.05.30"]

1. d4 d5 2. c4 c6 3. Nf3 Nf6 4. Nc3 e6 5. Bg5 dxc4 6. e4 b5 7. e5 h6 8. Bh4 g5
9. Nxg5 hxg5 10. Bxg5 Nbd7 11. g3 Qb6 12. exf6 Bb7 13. Bg2 O-O-O 14. O-O c5 15.
d5 b4 16. dxe6 Qxe6 17. Re1 Qf5 18. Bxb7+ Kxb7 19. Qd5+ Qxd5 20. Nxd5 Bd6 21.
Rad1 Ne5 22. Kg2 Nd3 23. Re2 a5 24. b3 Ne5 25. bxc4 Nxc4 26. h4 Nb6 27. Nxb6
Kxb6 28. Red2 Bc7 29. Rxd8 Bxd8 30. Rc1 Kb5 31. g4 c4 32. h5 c3 33. h6 Kc4 34.
Rd1 a4 35. Rd7 b3 36. axb3+ axb3 37. Rxf7 b2 38. Rb7 Kd3 39. f7 Bxg5 40. Rd7+
Kc2 41. h7 b1=Q 42. f8=Q Rxf8 43. Rg7 Bf6 44. Rg6 Qb8 45. g5 Bd4 46. f3 Qb7 0-1